000 00693nam a2200229Ia 4500
003 OSt
005 20220923214835.0
006 a|||||r|||| 00| 0
007 ta
008 220922b |||||||| |||| 00| 0 hin d
024 _a173,227
037 _cTextual
040 _aARTS
_cARTS
_bhin
041 _2hin
_ahin
082 _aO152:6b, J5
100 _aबाली, चन्द्रकान्त
245 0 _aहिन्दी गद्य
_b विकास और विमर्श
246 _aHindī gadya: vikās aur vimarsha
260 _c1955
942 _hO152:6b, J5
_cTEXL
_2CC
999 _c327134
_d327134